000 00686nam a2200241Ia 4500
003 OSt
005 20220923215135.0
006 a|||||r|||| 00| 0
007 ta
008 220922b |||||||| |||| 00| 0 hin d
024 _a175,950
037 _cTextual
040 _aARTS
_cARTS
_bhin
041 _2hin
_ahin
082 _aO152,1:gN5, L3
100 _aगुप्त, जगदीश
_9156290
245 0 _aकवितान्तर
246 _aKavitāntara
260 _aकानपुर
_b ग्रंथम
_c1973
300 _a262 पृ.
_ccm.
942 _hO152,1:gN5, L3
_cTEXL
_2CC
999 _c329626
_d329626